<?xml version="1.0" encoding="UTF-8"?><?xml-stylesheet type="text/xsl" href="static/style.xsl"?><OAI-PMH xmlns="http://www.openarchives.org/OAI/2.0/" xmlns:xsi="http://www.w3.org/2001/XMLSchema-instance" xsi:schemaLocation="http://www.openarchives.org/OAI/2.0/ http://www.openarchives.org/OAI/2.0/OAI-PMH.xsd"><responseDate>2026-06-03T19:23:37Z</responseDate><request verb="GetRecord" identifier="oai:riuma.uma.es:10630/15489" metadataPrefix="marc">https://riuma.uma.es/rest/oai/request</request><GetRecord><record><header><identifier>oai:riuma.uma.es:10630/15489</identifier><datestamp>2026-02-03T11:47:09Z</datestamp><setSpec>com_10630_2254</setSpec><setSpec>col_10630_37959</setSpec></header><metadata><record xmlns="http://www.loc.gov/MARC21/slim" xmlns:dcterms="http://purl.org/dc/terms/" xmlns:doc="http://www.lyncode.com/xoai" xmlns:xsi="http://www.w3.org/2001/XMLSchema-instance" xsi:schemaLocation="http://www.loc.gov/MARC21/slim http://www.loc.gov/standards/marcxml/schema/MARC21slim.xsd">
   <leader>00925njm 22002777a 4500</leader>
   <datafield ind2=" " ind1=" " tag="042">
      <subfield code="a">dc</subfield>
   </datafield>
   <datafield ind2=" " ind1=" " tag="720">
      <subfield code="a">López-Villafranca, Paloma</subfield>
      <subfield code="e">author</subfield>
   </datafield>
   <datafield ind2=" " ind1=" " tag="720">
      <subfield code="a">Olmedo-Salar, Silvia</subfield>
      <subfield code="e">author</subfield>
   </datafield>
   <datafield ind2=" " ind1=" " tag="260">
      <subfield code="c">2018-03-23</subfield>
   </datafield>
   <datafield ind2=" " ind1=" " tag="520">
      <subfield code="a">Carne Cruda es un programa de radio independiente, que se sufraga gracias a la contribución&#xd;
a través del crowfunding de los oyentes. Este programa, que nace en 2009 en la emisora pública&#xd;
española Radio 3 de RNE, fue cancelado en 2012, año en el que recibe el Premio Ondas al Mejor&#xd;
Programa de Radio español. En 2013 y 2014 se emite en la Cadena SER, pero se suprimió de la&#xd;
parrilla por discrepancias con la emisora.&#xd;
Desde octubre de 2014 se emite en internet y subsiste mediante la recaudación de fondos a&#xd;
través de la plataforma de crowfunding carnecruda.es, en colaboración con el diario.es. El público&#xd;
se convierte en productor del espacio, con suscripciones mensuales y donaciones libres a través de&#xd;
pay pal, transferencias bancarias y donación de bitcoins.&#xd;
Objetivos de la investigación&#xd;
Analizamos la relación de los oyentes con el programa mediante el análisis de contenido de&#xd;
este espacio radiofónico en la segunda temporada y la evolución de las donaciones en la plataforma&#xd;
de crowfunding desde los inicios de su etapa en la red hasta junio de 2017, mes en el que finaliza la&#xd;
segunda temporada. Para recabar datos de la financiación de la emisora independiente realizamos&#xd;
una entrevista con el equipo de Carne Cruda, un análisis de su web y llevamos a cabo la escucha de&#xd;
los programas en el periodo señalado para comprobar la relación de oyente- productor con esta&#xd;
emisora independiente.</subfield>
   </datafield>
   <datafield ind1="8" ind2=" " tag="024">
      <subfield code="a">https://hdl.handle.net/10630/15489</subfield>
   </datafield>
   <datafield tag="653" ind2=" " ind1=" ">
      <subfield code="a">Radio</subfield>
   </datafield>
   <datafield ind2="0" ind1="0" tag="245">
      <subfield code="a">La radio independiente a través del crowdfunding. El caso de Carne Cruda y su relación con el público</subfield>
   </datafield>
</record>
</metadata></record></GetRecord></OAI-PMH>